000 00471nam a2200193Ia 4500
003 OSt
005 20260106112314.0
008 210210b1970 xxu||||| |||| 00| 0 eng d
040 _cAL
041 _aeng
082 _a813.5 HEMI
100 _aErnest Hemingway
_9250288
245 _aIslands in the stream
260 _aNew York
_bCharles Scribners Sons
_c1970
300 _ax,466p
690 _aAmerican English Fiction
_9250289
906 _a029799
942 _2ddc
_cBK
999 _c81000
_d81000